मेरा सफ़र (Record no. 284024)

MARC details
000 -LEADER
fixed length control field 00852nam a2200229Ia 4500
003 - CONTROL NUMBER IDENTIFIER
control field OSt
005 - DATE AND TIME OF LATEST TRANSACTION
control field 20220924144403.0
008 - FIXED-LENGTH DATA ELEMENTS--GENERAL INFORMATION
fixed length control field 220917b |||||||| |||| 00| 0 eng d
037 ## - SOURCE OF ACQUISITION
Terms of availability Textual
040 ## - CATALOGING SOURCE
Original cataloging agency ARTS
Transcribing agency ARTS
Language of cataloging enu
041 ## - LANGUAGE CODE
Source of code enu
Language code of text/sound track or separate title enu
100 ## - MAIN ENTRY--PERSONAL NAME
Personal name अब्दुल कलाम, ए. पी. जे.
9 (RLIN) 150069
245 #0 - TITLE STATEMENT
Title मेरा सफ़र
260 ## - PUBLICATION, DISTRIBUTION, ETC.
Place of publication, distribution, etc. नयी दिल्ली,
Name of publisher, distributor, etc. मिंटो रोड काम्पलेक्स, भारत
Date of publication, distribution, etc. 2004
700 ## - ADDED ENTRY--PERSONAL NAME
Personal name शकील शिफ़ाई, अनु.
9 (RLIN) 150070
942 ## - ADDED ENTRY ELEMENTS (KOHA)
Classification part O111,1N31x, 168P4
Koha item type Textual
Source of classification or shelving scheme Colon Classification (CC)
Holdings
Withdrawn status Lost status Damaged status Not for loan Home library Current library Date acquired Total Checkouts Full call number Barcode Date last seen Price effective from Koha item type
        Arts Library Arts Library 2022-09-18   O111,1N31x 168P4 AL1217902 2022-09-18 2022-09-18 Textual
        Arts Library Arts Library 2022-09-18   O111,1N31x 168P4 AL1217903 2022-09-18 2022-09-18 Textual
        Arts Library Arts Library 2022-09-18   O111,1N31x 168P4 AL1217904 2022-09-18 2022-09-18 Textual
        Arts Library Arts Library 2022-09-18   O111,1N31x 168P4 AL1217905 2022-09-18 2022-09-18 Textual
        Arts Library Arts Library 2022-09-18   O111,1N31x 168P4 AL1217906 2022-09-18 2022-09-18 Textual
        Arts Library Arts Library 2022-09-18   O111,1N31x 168P4 AL1217907 2022-09-18 2022-09-18 Textual
        Arts Library Arts Library 2022-09-18   O111,1N31x 168P4 AL1217908 2022-09-18 2022-09-18 Textual
Copyright @ Delhi University Library System